000 00424nam a22001457a 4500
999 _c5772
_d5772
008 170916b xxu||||| |||| 00| 0 eng d
020 _a978-1-413-00013-9
082 _a808 RAI
100 _aRAIGN,Rosser Kathryn
245 _aThe Decisive Writer
_cKathyn Rosser Raign
_hEnglish
260 _aAustralia
_bThomson
_c2006
300 _a540p
_bIli.(charts and maps)
_c24cm
650 _2Business Communication
942 _2ddc
_cBOOKS